Statistiques concernant Culture Générale - Série 1227

Cliquez ici pour prendre le quiz!

Statistiques générales

  • Ce quiz a été pris 42 fois
  • Le résultat moyen est 4 sur 10

Statistiques - réponses

QuestionRéponse% Correct
Dans quelle capitale européenne peut-on traverser le Pont-Neuf, le plus vieux de ses ponts, inauguré en 1606 ?Paris
95%
Quel saint était le trésorier et l'orfèvre de Dagobert Ier ?Éloi
71%
D'après le titre du roman de Tolkien qui lui est consacré, à quel peuple Bilbo appartient-il ?Hobbits
54%
De quelle série télévisée les policiers Terrasson, Pujol et Valentin sont-ils les héros ?Les Brigades du Tigre
44%
Quel mot désigne les habitants de Rio de Janeiro ?Cariocas
41%
Pendant la Révolution russe, comment appelait-on les partisans des positions de Lénine ?Bolcheviks
27%
Quel écrivain est l'auteur du roman de cape et d'épée "Le Bossu", en 1857 ?Paul Féval
24%
De quelle île le mont Kosciuszko est-il le point culminant ?Australie
12%
Quelle station balnéaire des Pyrénées-Orientales a attiré de nombreux artistes comme Henri Matisse ou André Derain ?Collioure
12%
En 1843, quel artiste allemand compose une musique de scène pour "Le Songe d'une nuit d'été" ?Felix Mendelssohn
2%

Distribution des résultats

Percentile par nombre de réponses

% des personnes avec chaque résultat

Votre développement - résultats

Vous n’avez pas pris ce quiz